00628nam a2200229 a 4500001001300000003000900013005001700022008004100039020001000080082001900090100002700109245001800136260003200154300000900186500003500195650001200230700002700242902000800269942000700277952009900284999001500383nice12345678IN_TiNIC20260116011515.0070618s1885 boma grp 000 0 per  ac10000a500.80297bKAS aAl-Kashfi, Mulla Husan aAsrar-E-qasmi aBombaybNo Publishersc1885 a151p aincludes index and biblioraphy aAlchemy1 aAl-Kashfi, Mulla Husan bSRS cBK 00104070aHMIbHMId2007-06-18g100.00l0o500.80297 KASp4402r2007-06-18w2026-01-16yARB c2141d2141